01130nam a2200265Ia 450000500170000000800410001702000180005808200160007610000420009224501080013425000180024230000250026049000620028550000550034750501400040265000700054265000650061294200120067726400370068933600270072633700330075333800280078604000350081499900150084920220317001324.0161108s2013 ck g 000 0 spa  a978958665247604a370.1bH69f1 aHoyos Vásquez, Guillermod1935-201310aFilosofía de la educaciónbapuntes de su último seminario de doctoradocGuillermo Hoyos Vásquez a1a. edición a271 páginasc21 cm aBiblioteca universitariapciencias sociales y humanidades aIncluye datos biográficos del autor en la solapa aSeminario Filosofía de la educación 15-17 de septiembre de 2011 -- Seminario Filosofía de la educación 26-27 de octubre de 2012142LEMBaFilosofía de La educacionxCongresos, conferencias, etc 142LEMB aEducación Superior xCongresos, conferencias, etc  2ddccBK aBogotábSiglo del Hombrec2013 atextobtxt2rdacontent asin mediaciónbn2rdamedia avolumenbnc2rdacarrier aCO-BoRNBPbspaerdacCO-BoRNBP c6615d6615